[Event "WCO 2016"]
[Site "?"]
[Date "2016.09.11"]
[Round "9"]
[Board "34"]
[WhiteID "22000100"]
[White "Amer Said Salim Al Maashani"]
[BlackID "19600097"]
[Black "Sabar Ethmane Daouda"]
[Result "1-0"]
[BlackElo "2063"]
[WhiteElo "2044"]
[LiveChessVersion "1.4.8"]

1. e4 {[%clk 1:30:58]} e5 {[%clk 1:30:53]} 2. Nf3 {[%clk 1:31:09]} Nc6
{[%clk 1:31:17]} 3. Bc4 {[%clk 1:31:28]} Nf6 {[%clk 1:31:40]} 4. d4
{[%clk 1:30:35]} exd4 {[%clk 1:32:01]} 5. e5 {[%clk 1:30:45]} d5 {[%clk 1:32:26]}
6. Bb5 {[%clk 1:30:54]} Ne4 {[%clk 1:32:50]} 7. Nxd4 {[%clk 1:30:20]} Bc5
{[%clk 1:32:56]} 8. Be3 {[%clk 1:29:37]} O-O {[%clk 1:32:51]} 9. Bxc6
{[%clk 1:03:54]} Bxd4 {[%clk 1:14:48]} 10. Qxd4 {[%clk 0:57:48]} bxc6
{[%clk 1:15:11]} 11. Nc3 {[%clk 0:57:54]} Ng5 {[%clk 1:04:12]} 12. O-O-O
{[%clk 0:52:45]} Ne6 {[%clk 1:04:11]} 13. Qa4 {[%clk 0:52:27]} Bd7
{[%clk 1:03:57]} 14. Qa5 {[%clk 0:45:41]} d4 {[%clk 0:57:25]} 15. Bxd4
{[%clk 0:45:52]} Nxd4 {[%clk 0:57:49]} 16. Rxd4 {[%clk 0:46:09]} Qg5+
{[%clk 0:58:10]} 17. f4 {[%clk 0:38:51]} Qxg2 {[%clk 0:58:33]} 18. Rhd1
{[%clk 0:39:05]} Bg4 {[%clk 0:58:47]} 19. R1d2 {[%clk 0:36:25]} Qf1+
{[%clk 0:53:18]} 20. Nd1 {[%clk 0:36:31]} Qb5 {[%clk 0:52:33]} 21. Qxb5
{[%clk 0:35:16]} cxb5 {[%clk 0:53:01]} 22. Ne3 {[%clk 0:35:16]} Bh3
{[%clk 0:51:59]} 23. f5 {[%clk 0:29:21]} g6 {[%clk 0:51:18]} 24. Rh4
{[%clk 0:26:13]} Bxf5 {[%clk 0:51:22]} 25. Nxf5 {[%clk 0:22:34]} gxf5
{[%clk 0:51:45]} 26. Rf4 {[%clk 0:21:18]} Rfe8 {[%clk 0:49:44]} 27. Rxf5
{[%clk 0:21:17]} Re7 {[%clk 0:49:36]} 28. Rg2+ {[%clk 0:13:44]} Kh8
{[%clk 0:48:54]} 29. b3 {[%clk 0:13:00]} Rg8 {[%clk 0:47:57]} 30. Rgf2
{[%clk 0:12:48]} Rg1+ {[%clk 0:48:12]} 31. Kd2 {[%clk 0:12:33]} Kg7
{[%clk 0:48:32]} 32. e6 {[%clk 0:09:50]} fxe6 {[%clk 0:48:06]} 33. Rxb5
{[%clk 0:10:17]} e5 {[%clk 0:46:49]} 34. Rf5 {[%clk 0:06:13]} Rg2+
{[%clk 0:45:27]} 35. Kc3 {[%clk 0:06:41]} Rxh2 {[%clk 0:42:44]} 36. Rfxe5
{[%clk 0:07:05]} Re2 {[%clk 0:42:50]} 37. Rxe2 {[%clk 0:05:13]} Rxe2
{[%clk 0:43:14]} 38. Rb7 {[%clk 0:05:31]} Re7 {[%clk 0:43:21]} 39. Rxa7
{[%clk 0:05:42]} h5 {[%clk 0:43:37]} 40. Ra4 {[%clk 0:35:51]} Kg6
{[%clk 1:13:47]} 41. Kd3 {[%clk 0:25:10]} Kg5 {[%clk 1:13:40]} 42. Re4
{[%clk 0:22:11]} Rxe4 {[%clk 1:13:34]} 43. Kxe4 {[%clk 0:22:33]} Kg4
{[%clk 1:14:00]} 44. Ke3 {[%clk 0:23:00]} Kg3 {[%clk 1:11:37]} 45. Ke2
{[%clk 0:23:10]} 1-0

[Event "WCO 2016"]
[Site "?"]
[Date "2016.09.11"]
[Round "9"]
[Board "35"]
[WhiteID "19600054"]
[White "Hemam Moulaye Brahim"]
[BlackID "22000534"]
[Black "Hardan Hamid Musallem"]
[Result "1-0"]
[BlackElo "1914"]
[WhiteElo "2032"]
[LiveChessVersion "1.4.8"]

1. e4 {[%clk 1:30:37]} c5 {[%clk 1:30:33]} 2. Nf3 {[%clk 1:30:52]} Nc6
{[%clk 1:30:47]} 3. Bc4 {[%clk 1:30:08]} e6 {[%clk 1:31:03]} 4. d3
{[%clk 1:30:24]} a6 {[%clk 1:30:43]} 5. a3 {[%clk 1:30:45]} Nf6 {[%clk 1:30:36]}
6. O-O {[%clk 1:30:54]} Be7 {[%clk 1:30:53]} 7. Re1 {[%clk 1:30:35]} d5
{[%clk 1:29:50]} 8. exd5 {[%clk 1:30:38]} exd5 {[%clk 1:30:02]} 9. Ba2
{[%clk 1:29:51]} O-O {[%clk 1:30:05]} 10. h3 {[%clk 1:30:10]} h6 {[%clk 1:30:12]}
11. Nbd2 {[%clk 1:30:24]} Be6 {[%clk 1:30:21]} 12. Nf1 {[%clk 1:30:34]} Re8
{[%clk 1:29:59]} 13. Bf4 {[%clk 1:29:30]} Bd6 {[%clk 1:29:38]} 14. Bxd6
{[%clk 1:26:04]} Qxd6 {[%clk 1:27:42]} 15. Ng3 {[%clk 1:26:17]} b5
{[%clk 1:26:58]} 16. Qd2 {[%clk 1:25:51]} Rad8 {[%clk 1:26:54]} 17. d4
{[%clk 1:21:53]} Ne4 {[%clk 1:21:51]} 18. Nxe4 {[%clk 1:16:18]} dxe4
{[%clk 1:21:53]} 19. Rxe4 {[%clk 1:16:38]} Bxa2 {[%clk 1:20:45]} 20. Rxe8+
{[%clk 1:17:00]} Rxe8 {[%clk 1:20:57]} 21. Rxa2 {[%clk 1:17:24]} cxd4
{[%clk 1:20:02]} 22. Ra1 {[%clk 1:17:40]} Ne5 {[%clk 1:18:09]} 23. Nxd4
{[%clk 1:14:43]} Nc4 {[%clk 1:17:52]} 24. Qc3 {[%clk 1:14:57]} Re4 25. Nf5 Qg6
{[%clk 1:08:24]} 26. Ng3 {[%clk 1:12:18]} Re6 {[%clk 1:02:54]} 27. a4
{[%clk 1:09:45]} Rc6 {[%clk 1:01:47]} 28. axb5 {[%clk 1:08:00]} axb5
{[%clk 1:01:57]} 29. Ra8+ {[%clk 1:04:36]} Kh7 {[%clk 1:02:11]} 30. Rb8
{[%clk 1:04:52]} f5 {[%clk 0:52:04]} 31. Rb7 {[%clk 0:50:57]} Rf6
{[%clk 0:45:36]} 32. Nh5 {[%clk 0:48:53]} Rf7 {[%clk 0:42:41]} 33. Nf4
{[%clk 0:49:01]} Qf6 {[%clk 0:39:47]} 34. Qxf6 {[%clk 0:49:12]} Rxf6
{[%clk 0:40:13]} 35. Rxb5 {[%clk 0:49:33]} Nd2 {[%clk 0:36:56]} 36. b3
{[%clk 0:47:33]} Ra6 {[%clk 0:36:40]} 37. f3 {[%clk 0:47:18]} g5 {[%clk 0:34:28]}
38. Rb7+ {[%clk 0:47:15]} Kg8 {[%clk 0:34:37]} 39. Rd7 {[%clk 0:34:18]} Ra1+
{[%clk 0:33:58]} 40. Kf2 {[%clk 0:34:46]} Nf1 {[%clk 0:33:54]} 41. Ne2
{[%clk 1:04:27]} Nh2 {[%clk 1:01:26]} 42. g3 {[%clk 1:02:39]} g4 {[%clk 1:01:12]}
43. fxg4 {[%clk 1:01:35]} fxg4 {[%clk 1:01:38]} 44. Rd8+ {[%clk 1:00:27]} Kf7
{[%clk 1:01:39]} 45. hxg4 {[%clk 1:00:51]} Nxg4+ {[%clk 1:01:55]} 46. Kf3
{[%clk 1:01:01]} Ne5+ {[%clk 1:01:42]} 47. Ke4 {[%clk 1:01:16]} Re1
{[%clk 0:59:57]} 48. Rd2 {[%clk 1:00:01]} Ke6 {[%clk 0:59:21]} 49. c4
{[%clk 0:59:38]} Nc6 {[%clk 0:57:53]} 50. Kd3 {[%clk 0:59:05]} Kd6
{[%clk 0:56:52]} 51. Kc3+ {[%clk 0:59:16]} Kc5 {[%clk 0:56:56]} 52. Nf4
{[%clk 0:53:29]} Rc1+ {[%clk 0:55:28]} 53. Kb2 {[%clk 0:53:31]} Rg1
{[%clk 0:55:28]} 54. Rd5+ {[%clk 0:48:35]} Kb6 {[%clk 0:51:26]} 55. Nh5
{[%clk 0:48:41]} Rh1 {[%clk 0:49:10]} 56. g4 {[%clk 0:47:57]} Rg1
{[%clk 0:48:40]} 57. Nf6 {[%clk 0:48:10]} Rf1 {[%clk 0:48:22]} 58. Ng8
{[%clk 0:45:33]} Rh1 {[%clk 0:48:08]} 59. Rh5 {[%clk 0:45:42]} Rg1 60. Rxh6 Rg2+
{[%clk 0:45:23]} 61. Ka3 {[%clk 0:45:52]} Kc5 {[%clk 0:45:42]} 62. Nf6
{[%clk 0:44:15]} Kd4 {[%clk 0:44:21]} 63. Nd7 {[%clk 0:37:40]} Na5
{[%clk 0:41:18]} 64. Kb4 {[%clk 0:34:20]} Nxc4 {[%clk 0:35:33]} 65. bxc4
{[%clk 0:34:23]} Rb2+ {[%clk 0:35:49]} 66. Ka3 {[%clk 0:34:44]} Rb7
{[%clk 0:36:01]} 67. Nb6 {[%clk 0:34:24]} Rg7 {[%clk 0:35:04]} 68. Kb4
{[%clk 0:33:21]} Rxg4 {[%clk 0:35:10]} 69. Rd6+ {[%clk 0:33:43]} Ke5
{[%clk 0:35:21]} 70. Rd1 {[%clk 0:33:53]} Rg2 {[%clk 0:35:26]} 71. c5
{[%clk 0:33:50]} Rb2+ {[%clk 0:35:27]} 72. Ka5 {[%clk 0:34:02]} Rc2
{[%clk 0:35:11]} 73. Kb5 {[%clk 0:33:12]} Rb2+ {[%clk 0:35:35]} 74. Ka5
{[%clk 0:33:09]} Rc2 {[%clk 0:35:57]} 75. Na4 {[%clk 0:33:27]} Ke6
{[%clk 0:35:23]} 76. Kb6 {[%clk 0:33:25]} Rc4 {[%clk 0:35:03]} 77. Kb5
{[%clk 0:33:34]} Rc2 {[%clk 0:35:16]} 78. c6 {[%clk 0:33:45]} Ke7
{[%clk 0:34:46]} 79. Kb6 {[%clk 0:32:41]} Rc4 {[%clk 0:33:52]} 80. Nc5
{[%clk 0:31:30]} Rb4+ {[%clk 0:34:02]} 81. Ka7 {[%clk 0:31:19]} Rc4
{[%clk 0:34:19]} 1-0

[Event "WCO 2016"]
[Site "?"]
[Date "2016.09.11"]
[Round "9"]
[Board "36"]
[WhiteID "22000046"]
[White "Al Mashikhi Salim Aliyan"]
[BlackID "19600038"]
[Black "Taleb Mohamed Ahmed"]
[Result "1/2-1/2"]
[BlackElo "1982"]
[WhiteElo "2060"]
[LiveChessVersion "1.4.8"]

1. e4 c6 {[%clk 1:30:42]} 2. Nf3 {[%clk 1:30:37]} d5 {[%clk 1:30:51]} 3. exd5
{[%clk 1:30:52]} cxd5 {[%clk 1:31:06]} 4. d4 {[%clk 1:31:12]} Nf6
{[%clk 1:29:14]} 5. Bd3 {[%clk 1:31:02]} Bg4 {[%clk 1:28:02]} 6. h3
{[%clk 1:31:13]} Bh5 {[%clk 1:26:45]} 7. Bf4 {[%clk 1:29:41]} Nc6
{[%clk 1:25:02]} 8. c3 {[%clk 1:29:49]} Qb6 {[%clk 1:20:32]} 9. Qc2
{[%clk 1:26:29]} Rc8 {[%clk 1:18:45]} 10. Nbd2 {[%clk 1:25:24]} e6
{[%clk 1:17:40]} 11. Qb3 {[%clk 1:22:27]} Nd7 {[%clk 1:14:12]} 12. Bb5
{[%clk 1:20:32]} Be7 {[%clk 1:12:14]} 13. a4 {[%clk 1:12:53]} a6 {[%clk 1:06:52]}
14. Be2 {[%clk 1:08:42]} Qxb3 {[%clk 1:03:10]} 15. Nxb3 {[%clk 1:08:47]} f6
{[%clk 1:00:56]} 16. g4 {[%clk 1:03:14]} Bg6 {[%clk 1:00:12]} 17. h4
{[%clk 1:01:30]} O-O {[%clk 0:57:52]} 18. h5 {[%clk 0:59:58]} Be4
{[%clk 0:57:50]} 19. Rg1 {[%clk 0:56:46]} e5 {[%clk 0:55:36]} 20. Be3
{[%clk 0:55:58]} Rce8 {[%clk 0:45:10]} 21. O-O-O {[%clk 0:52:57]} Nb6
{[%clk 0:41:35]} 22. dxe5 {[%clk 0:49:14]} Nxa4 {[%clk 0:37:57]} 23. exf6
{[%clk 0:48:03]} Bxf6 {[%clk 0:36:12]} 24. Nfd2 {[%clk 0:46:48]} Bxc3
{[%clk 0:33:39]} 25. bxc3 {[%clk 0:43:38]} Nxc3 {[%clk 0:29:18]} 26. Rde1
{[%clk 0:43:50]} Nxe2+ {[%clk 0:26:38]} 27. Rxe2 {[%clk 0:43:43]} Bd3
{[%clk 0:26:26]} 28. Ree1 {[%clk 0:43:49]} Rc8 {[%clk 0:23:07]} 29. Kb2
{[%clk 0:43:16]} d4 {[%clk 0:23:03]} 30. Nxd4 {[%clk 0:36:19]} Nxd4
{[%clk 0:18:08]} 31. Bxd4 {[%clk 0:36:37]} Rc2+ {[%clk 0:18:03]} 32. Kb3
{[%clk 0:37:05]} Rfc8 {[%clk 0:17:01]} 33. Nb1 {[%clk 0:36:16]} a5
{[%clk 0:16:22]} 34. Nc3 {[%clk 0:34:10]} b5 {[%clk 0:15:49]} 35. Nxb5
{[%clk 0:27:01]} Bxb5 {[%clk 0:12:59]} 36. Re7 {[%clk 0:21:35]} Bd3
{[%clk 0:10:20]} 37. Rxg7+ {[%clk 0:21:21]} Kf8 {[%clk 0:10:21]} 38. Rg3
{[%clk 0:16:44]} Be4 {[%clk 0:06:12]} 39. Rg5 {[%clk 0:16:21]} a4+
{[%clk 0:04:48]} 40. Ka3 {[%clk 0:46:25]} R8c4 {[%clk 0:32:48]} 41. Bg7+
{[%clk 0:43:30]} Kf7 {[%clk 0:32:14]} 42. f3 {[%clk 0:42:17]} h6 {[%clk 0:24:53]}
43. Ra5 {[%clk 0:32:07]} Bd3 {[%clk 0:16:27]} 44. Bb2 {[%clk 0:31:39]} Rc7
{[%clk 0:15:16]} 45. f4 {[%clk 0:28:14]} Be4 {[%clk 0:09:48]} 46. Re3
{[%clk 0:27:39]} R2c4 {[%clk 0:08:50]} 47. Rxa4 {[%clk 0:25:59]} Rxa4+
{[%clk 0:08:48]} 48. Kxa4 {[%clk 0:26:20]} Bc2+ {[%clk 0:06:31]} 49. Kb4
{[%clk 0:26:38]} Rb7+ {[%clk 0:06:40]} 50. Ka3 {[%clk 0:24:10]} Ra7+
{[%clk 0:06:53]} 51. Kb4 {[%clk 0:24:08]} Rb7+ {[%clk 0:07:21]} 1/2-1/2

[Event "WCO 2016"]
[Site "?"]
[Date "2016.09.11"]
[Round "9"]
[Board "1"]
[WhiteID "10400036"]
[White "Joseph Elton"]
[BlackID "7300018"]
[Black "Juarez Flores Carlos A."]
[Result "0-1"]
[BlackElo "2392"]
[WhiteElo "1842"]
[LiveChessVersion "1.4.8"]

1. d4 {[%clk 1:30:48]} d5 {[%clk 1:30:53]} 2. c4 {[%clk 1:31:00]} e6
{[%clk 1:31:16]} 3. Nc3 {[%clk 1:31:05]} c5 {[%clk 1:31:43]} 4. cxd5
{[%clk 1:31:15]} exd5 {[%clk 1:32:11]} 5. Nf3 {[%clk 1:31:23]} Nc6
{[%clk 1:32:35]} 6. g3 {[%clk 1:29:45]} c4 {[%clk 1:32:59]} 7. Bg2
{[%clk 1:29:06]} Bb4 {[%clk 1:33:26]} 8. O-O {[%clk 1:28:23]} Nge7
{[%clk 1:33:54]} 9. Bg5 {[%clk 1:19:11]} f6 {[%clk 1:33:38]} 10. Bf4
{[%clk 1:17:08]} Bf5 {[%clk 1:32:00]} 11. Nh4 {[%clk 1:13:28]} Be6
{[%clk 1:32:10]} 12. e4 {[%clk 1:06:55]} O-O {[%clk 1:28:51]} 13. exd5
{[%clk 1:02:46]} Nxd5 {[%clk 1:29:12]} 14. Nxd5 {[%clk 1:02:14]} Bxd5
{[%clk 1:29:38]} 15. Qg4 {[%clk 0:59:01]} Bxg2 {[%clk 1:23:39]} 16. Nf5
{[%clk 0:51:39]} g6 {[%clk 1:23:54]} 17. Nh6+ {[%clk 0:51:39]} Kh8
{[%clk 1:23:23]} 18. Kxg2 {[%clk 0:51:00]} Qd5+ {[%clk 1:23:43]} 19. f3
{[%clk 0:49:32]} Rae8 {[%clk 1:16:19]} 20. Rf2 {[%clk 0:47:40]} Qxd4
{[%clk 1:14:41]} 21. h4 {[%clk 0:42:25]} Be1 {[%clk 1:11:55]} 22. Rxe1
{[%clk 0:35:46]} Rxe1 {[%clk 1:12:22]} 23. h5 {[%clk 0:34:06]} Rfe8
{[%clk 1:12:35]} 24. Nf7+ {[%clk 0:31:33]} Kg7 {[%clk 1:12:41]} 25. Bh6+
{[%clk 0:31:53]} Kxf7 {[%clk 1:13:03]} 26. hxg6+ {[%clk 0:31:50]} hxg6
{[%clk 1:13:30]} 27. Qxd4 {[%clk 0:28:52]} Nxd4 {[%clk 1:13:58]} 28. Bd2
{[%clk 0:28:49]} R1e2 {[%clk 1:14:23]} 29. Bc3 {[%clk 0:28:54]} Nb5
{[%clk 1:13:55]} 30. Bb4 {[%clk 0:28:59]} b6 {[%clk 1:13:46]} 31. Kf1
{[%clk 0:29:21]} Rxf2+ {[%clk 1:13:44]} 32. Kxf2 {[%clk 0:29:49]} Ke6
{[%clk 1:13:37]} 33. a4 {[%clk 0:30:00]} Nd4 {[%clk 1:14:04]} 34. a5
{[%clk 0:30:11]} Kd5 {[%clk 1:14:32]} 35. axb6 {[%clk 0:29:47]} Re2+
{[%clk 1:14:58]} 36. Kf1 {[%clk 0:29:47]} axb6 {[%clk 1:15:27]} 37. Bc3
{[%clk 0:29:48]} Rc2 {[%clk 1:15:55]} 38. Bb4 {[%clk 0:29:18]} Nxf3
{[%clk 1:16:19]} 39. g4 {[%clk 0:29:13]} Ke4 {[%clk 1:16:45]} 40. g5
{[%clk 0:59:08]} Ke3 {[%clk 1:47:12]} 41. gxf6 {[%clk 0:58:22]} Rf2#
{[%clk 1:47:33]} 0-1

[Event "WCO 2016"]
[Site "?"]
[Date "2016.09.11"]
[Round "9"]
[Board "2"]
[WhiteID "7300239"]
[White "Lorenzana Wilson Estuardo"]
[BlackID "10400451"]
[Black "Knowles Kendrick"]
[Result "1-0"]
[BlackElo "1825"]
[WhiteElo "2239"]
[LiveChessVersion "1.4.8"]

1. e4 {[%clk 1:30:54]} d5 {[%clk 1:30:20]} 2. Nc3 {[%clk 1:30:47]} dxe4
{[%clk 1:29:09]} 3. Nxe4 {[%clk 1:31:10]} Bf5 {[%clk 1:29:10]} 4. Ng3
{[%clk 1:31:32]} Bg6 {[%clk 1:29:28]} 5. Nf3 {[%clk 1:31:39]} e6 {[%clk 1:29:24]}
6. d4 {[%clk 1:32:01]} Nf6 {[%clk 1:29:07]} 7. Bc4 {[%clk 1:28:28]} Bd6
{[%clk 1:28:36]} 8. O-O {[%clk 1:28:49]} c6 {[%clk 1:28:43]} 9. Re1
{[%clk 1:29:00]} O-O {[%clk 1:28:47]} 10. Qe2 {[%clk 1:29:13]} Nd5
{[%clk 1:27:38]} 11. Ne5 {[%clk 1:29:10]} Nd7 {[%clk 1:20:34]} 12. Bb3
{[%clk 1:27:11]} Nxe5 {[%clk 1:19:55]} 13. dxe5 {[%clk 1:27:31]} Bc5
{[%clk 1:20:06]} 14. Ne4 {[%clk 1:26:03]} Be7 {[%clk 1:17:24]} 15. f4
{[%clk 1:19:51]} Qb6+ {[%clk 1:15:23]} 16. Kh1 {[%clk 1:20:09]} Rfd8
{[%clk 1:14:58]} 17. c3 {[%clk 1:19:20]} a5 {[%clk 1:14:42]} 18. Bc2
{[%clk 1:19:40]} Rd7 {[%clk 1:10:01]} 19. a3 {[%clk 1:19:51]} Rad8
{[%clk 1:08:26]} 20. Rb1 {[%clk 1:18:37]} Qa7 {[%clk 1:04:28]} 21. c4
{[%clk 1:18:23]} Nc7 {[%clk 1:03:09]} 22. Be3 {[%clk 1:18:47]} c5
{[%clk 1:01:17]} 23. b4 {[%clk 1:17:48]} axb4 {[%clk 1:01:13]} 24. axb4
{[%clk 1:18:08]} b6 {[%clk 1:00:56]} 25. b5 {[%clk 1:17:26]} Qb7 {[%clk 1:00:20]}
26. Nf2 {[%clk 1:17:48]} Bxc2 {[%clk 0:57:20]} 27. Qxc2 {[%clk 1:18:08]} Bh4
{[%clk 0:57:34]} 28. Red1 {[%clk 1:18:09]} Bxf2 {[%clk 0:57:46]} 29. Bxf2
{[%clk 1:18:36]} Ne8 {[%clk 0:57:47]} 30. h3 {[%clk 1:17:40]} g6 {[%clk 0:56:15]}
31. Bh4 {[%clk 1:18:00]} Ra8 {[%clk 0:56:07]} 32. Rxd7 {[%clk 1:16:28]} Qxd7
{[%clk 0:56:12]} 33. Rd1 {[%clk 1:16:56]} Qc7 {[%clk 0:55:09]} 34. Qe4
{[%clk 1:17:14]} Rc8 {[%clk 0:52:08]} 35. Qd3 {[%clk 1:15:27]} Ng7
{[%clk 0:46:25]} 36. Bd8 {[%clk 1:11:57]} Qb7 {[%clk 0:45:10]} 37. Qd7
{[%clk 1:12:21]} Qxd7 {[%clk 0:43:22]} 38. Rxd7 {[%clk 1:12:46]} Nf5
{[%clk 0:43:33]} 39. Bxb6 {[%clk 1:12:18]} Kf8 {[%clk 0:42:41]} 40. Rd3
{[%clk 1:39:39]} h5 {[%clk 1:11:21]} 41. g4 {[%clk 1:35:24]} hxg4
{[%clk 1:11:24]} 42. hxg4 {[%clk 1:35:46]} Ne7 {[%clk 1:11:22]} 43. Ba7
{[%clk 1:32:55]} Ra8 {[%clk 1:10:54]} 44. Bxc5 {[%clk 1:33:04]} Ke8
{[%clk 1:11:16]} 45. Ra3 {[%clk 1:31:41]} Rc8 {[%clk 1:10:30]} 46. Bxe7
{[%clk 1:31:19]} Kxe7 {[%clk 1:10:48]} 47. Ra7+ {[%clk 1:31:42]} Ke8
{[%clk 1:11:02]} 48. b6 {[%clk 1:31:59]} Rxc4 {[%clk 1:11:08]} 49. b7
{[%clk 1:32:15]} 1-0

[Event "WCO 2016"]
[Site "?"]
[Date "2016.09.11"]
[Round "9"]
[Board "3"]
[WhiteID "10400028"]
[White "Gibson Franklyn"]
[BlackID "7300697"]
[Black "Giron David"]
[Result "0-1"]
[BlackElo "2174"]
[WhiteElo "1987"]
[LiveChessVersion "1.4.8"]

1. d4 {[%clk 1:30:47]} Nf6 {[%clk 1:30:51]} 2. c4 {[%clk 1:31:00]} e6
{[%clk 1:31:13]} 3. Nf3 {[%clk 1:31:08]} Bb4+ {[%clk 1:31:24]} 4. Bd2
{[%clk 1:31:02]} Qe7 {[%clk 1:31:33]} 5. g3 {[%clk 1:29:05]} Nc6 {[%clk 1:31:37]}
6. Nc3 {[%clk 1:28:48]} O-O {[%clk 1:28:42]} 7. Bg2 {[%clk 1:26:18]} Bxc3
{[%clk 1:28:59]} 8. Bxc3 {[%clk 1:26:40]} Ne4 {[%clk 1:29:24]} 9. Rc1
{[%clk 1:25:39]} d6 {[%clk 1:28:32]} 10. d5 {[%clk 1:22:47]} Nxc3
{[%clk 1:27:39]} 11. Rxc3 {[%clk 1:23:09]} Nb8 {[%clk 1:27:18]} 12. dxe6
{[%clk 1:22:49]} fxe6 {[%clk 1:26:43]} 13. O-O {[%clk 1:20:50]} Nc6
{[%clk 1:10:09]} 14. h4 {[%clk 1:15:18]} Bd7 {[%clk 0:57:05]} 15. Bh3
{[%clk 1:11:46]} e5 {[%clk 0:52:54]} 16. Bxd7 {[%clk 1:09:31]} Qxd7
{[%clk 0:53:19]} 17. Kg2 {[%clk 1:07:33]} Rae8 {[%clk 0:52:21]} 18. Qd5+
{[%clk 1:06:34]} Kh8 {[%clk 0:46:30]} 19. Ng5 {[%clk 0:58:22]} h6
{[%clk 0:27:38]} 20. Rh1 {[%clk 0:47:43]} Nd4 {[%clk 0:27:47]} 21. e3
{[%clk 0:40:06]} Qf5 {[%clk 0:16:39]} 22. f3 {[%clk 0:32:01]} c6 {[%clk 0:13:59]}
23. Qe4 {[%clk 0:30:26]} hxg5 {[%clk 0:12:15]} 24. exd4 {[%clk 0:30:27]} Qxe4
{[%clk 0:08:22]} 25. fxe4 {[%clk 0:30:55]} exd4 {[%clk 0:07:07]} 26. hxg5+
{[%clk 0:31:06]} Kg8 {[%clk 0:07:34]} 27. Rb3 {[%clk 0:30:52]} Rf7
{[%clk 0:05:33]} 28. Rh4 {[%clk 0:30:17]} g6 {[%clk 0:04:04]} 29. g4
{[%clk 0:25:03]} Rxe4 {[%clk 0:03:43]} 30. Rbh3 {[%clk 0:25:31]} Re2+
{[%clk 0:04:01]} 31. Kg1 {[%clk 0:25:58]} Re1+ {[%clk 0:04:24]} 32. Kg2
{[%clk 0:26:25]} Re2+ {[%clk 0:04:49]} 33. Kg1 {[%clk 0:26:36]} Kf8
{[%clk 0:04:02]} 34. Rh8+ {[%clk 0:26:40]} Ke7 {[%clk 0:04:28]} 35. Rb8
{[%clk 0:26:28]} Re1+ {[%clk 0:03:18]} 36. Kg2 {[%clk 0:26:45]} Re2+
{[%clk 0:03:47]} 37. Kg1 {[%clk 0:27:03]} Rxb2 {[%clk 0:03:21]} 38. Rhh8
{[%clk 0:27:31]} Rb1+ {[%clk 0:01:21]} 39. Kg2 {[%clk 0:26:37]} Ke6
{[%clk 0:01:25]} 40. Rhg8 {[%clk 0:56:27]} d3 {[%clk 0:30:40]} 41. Rxg6+
{[%clk 0:49:52]} Kd7 {[%clk 0:28:21]} 42. Rgg8 {[%clk 0:46:02]} d2
{[%clk 0:22:26]} 43. g6 {[%clk 0:43:14]} Re7 {[%clk 0:18:29]} 44. g7
{[%clk 0:41:47]} d1=Q {[%clk 0:17:32]} 45. Rgd8+ {[%clk 0:38:10]} Kc7
{[%clk 0:17:53]} 46. g8=Q {[%clk 0:38:13]} Qh1+ {[%clk 0:17:50]} 47. Kg3
{[%clk 0:37:55]} Rg1+ {[%clk 0:17:58]} 48. Kf4 {[%clk 0:37:57]} Qe4+
{[%clk 0:18:21]} 0-1

[Event "WCO 2016"]
[Site "?"]
[Date "2016.09.11"]
[Round "9"]
[Board "4"]
[WhiteID "7300034"]
[White "Juarez Flores Gustavo E."]
[BlackID "10400583"]
[Black "Moncur Cecil"]
[Result "0-1"]
[BlackElo "1869"]
[WhiteElo "2114"]
[LiveChessVersion "1.4.8"]

1. e4 {[%clk 1:30:56]} c5 {[%clk 1:31:15]} 2. Nf3 {[%clk 1:29:49]} e6
{[%clk 1:31:42]} 3. d4 {[%clk 1:29:31]} cxd4 {[%clk 1:32:09]} 4. Nxd4
{[%clk 1:29:53]} Nf6 {[%clk 1:32:26]} 5. Bd3 {[%clk 1:29:47]} Nc6
{[%clk 1:32:33]} 6. Nxc6 {[%clk 1:26:41]} bxc6 {[%clk 1:33:00]} 7. O-O
{[%clk 1:26:26]} d5 {[%clk 1:31:39]} 8. e5 {[%clk 1:25:14]} Nd7 {[%clk 1:31:48]}
9. f4 {[%clk 1:25:29]} Nc5 {[%clk 1:30:46]} 10. Be2 {[%clk 1:16:44]} Qb6
{[%clk 1:27:49]} 11. Kh1 {[%clk 1:11:35]} Ne4 {[%clk 1:27:57]} 12. Qe1
{[%clk 1:10:23]} Bc5 {[%clk 1:27:38]} 13. g4 {[%clk 1:06:52]} Bf2
{[%clk 1:17:01]} 14. Qd1 {[%clk 1:06:02]} Bd4 {[%clk 1:15:14]} 15. c3
{[%clk 1:00:13]} Nf2+ {[%clk 1:15:23]} 16. Rxf2 {[%clk 1:00:37]} Bxf2
{[%clk 1:15:30]} 17. Qd3 a5 {[%clk 1:12:17]} 18. Na3 {[%clk 0:54:42]} Ba6
{[%clk 1:08:33]} 19. Qf3 {[%clk 0:53:23]} Bxe2 {[%clk 1:08:17]} 20. Qxe2
{[%clk 0:53:48]} g6 {[%clk 1:06:45]} 21. Nc2 {[%clk 0:53:38]} h5 {[%clk 1:06:26]}
22. Ne3 {[%clk 0:52:34]} Bxe3 {[%clk 1:05:46]} 23. Bxe3 {[%clk 0:52:59]} Qb5
{[%clk 1:05:52]} 24. Qxb5 {[%clk 0:49:34]} cxb5 {[%clk 1:06:05]} 25. g5
{[%clk 0:48:48]} O-O {[%clk 1:05:58]} 26. Kg2 {[%clk 0:47:43]} Rfc8
{[%clk 1:06:08]} 27. Kf3 {[%clk 0:47:42]} b4 {[%clk 1:06:08]} 28. Rc1
{[%clk 0:45:23]} bxc3 {[%clk 1:06:06]} 29. bxc3 {[%clk 0:45:22]} Rab8
{[%clk 1:06:00]} 30. Rc2 {[%clk 0:45:29]} Rc4 {[%clk 1:06:03]} 31. Bd4
{[%clk 0:42:13]} Kf8 {[%clk 1:05:57]} 32. Ke3 {[%clk 0:42:11]} Ke8
{[%clk 1:05:59]} 33. Kd3 {[%clk 0:40:15]} Kd7 {[%clk 1:05:54]} 34. Rf2
{[%clk 0:39:15]} Kc6 {[%clk 1:05:46]} 35. Rd2 {[%clk 0:35:45]} Ra4
{[%clk 1:01:50]} 36. Rf2 {[%clk 0:33:57]} Rb1 {[%clk 1:01:53]} 37. Re2
{[%clk 0:33:17]} Rd1+ {[%clk 0:59:47]} 38. Ke3 {[%clk 0:33:33]} Ra1
{[%clk 0:57:38]} 39. Rb2 {[%clk 0:33:38]} R1xa2 {[%clk 1:27:38]} 40. Rb6+
{[%clk 1:03:56]} Kc7 {[%clk 1:27:25]} 41. f5 {[%clk 1:01:26]} Rxd4
{[%clk 1:27:09]} 42. fxg6 {[%clk 0:57:39]} Re4+ {[%clk 1:27:15]} 43. Kf3
{[%clk 0:57:44]} fxg6 {[%clk 1:27:16]} 0-1